[Event "AUTO-MASTER-2448"]
[Site "http://www.queenalice.com/game.php?id=1416299"]
[Date "2016.4.2"]
[Round "1"]
[White "alemaocs"]
[Black "reycas"]
[Result "0-1"]
[WhiteElo "2038"]
[BlackElo "2208"]

1. e4 Nf6 2. Nc3 e5 3. Bc4 c6 4. d3 Be7 5. Nf3 Qc7 6. O-O b5 7. Bb3 a5 8. a3 h6
9. h3 Bb7 10. Be3 a4 11. Ba2 O-O 12. Qd2 Kh7 13. Ne2 d5 14. exd5 cxd5 15. c3
Nbd7 16. Bb1 Kg8 17. Nh2 Kh7 18. Ng3 e4 19. f3 Qxg3 20. Bf4 Qh4 21. fxe4 dxe4
22. dxe4 Bc5+ 23. Kh1 Bxe4 24. Bxe4+ Nxe4 25. Qd3 Qe7 26. Rae1 f5 27. g4 Nf2+
28. Kg2 Nxd3 29. Rxe7 Bxe7 30. Rd1 Nxf4+ 31. Kg3 fxg4 32. Rxd7 Ne2+ 33. Kxg4
Rf4+ 34. Kh5 g6# 0-1

[Event "AUTO-MASTER-2448"]
[Site "http://www.queenalice.com/game.php?id=1416312"]
[Date "2016.4.2"]
[Round "1"]
[White "alemaocs"]
[Black "maxchessbr"]
[Result "1-0"]
[WhiteElo "2094"]
[BlackElo "2099"]

1. e4 c6 2. Bc4 d5 3. exd5 cxd5 4. Bb3 Nf6 5. h3 e5 6. Nf3 Bd6 7. d3 h6 8. O-O
O-O 9. c3 Nc6 10. Be3 Be6 11. d4 e4 12. Nfd2 b5 13. Bc2 Qd7 14. f3 Bf5 15. fxe4
Nxe4 16. Nxe4 dxe4 17. Qh5 Bg6 18. Qh4 Rae8 19. Nd2 f5 20. Rf2 Qc7 21. Nf1 f4
22. Bc1 Rf6 23. Bb3+ Kh7 24. Bc2 Ref8 25. Nh2 e3 26. Bxg6+ Rxg6 27. Rf3 Ne7 28.
Ng4 Nf5 29. Qe1 b4 30. a3 b3 31. Qd1 Qc4 32. a4 a5 33. Qf1 Qd5 34. Bxe3 fxe3 35.
Qe2 h5 36. Nxe3 Nxe3 37. Rxe3 Kh6 38. Re4 Rf5 39. Re1 Rfg5 40. Qe3 Kh7 41. Re2
1-0

[Event "AUTO-MASTER-2448"]
[Site "http://www.queenalice.com/game.php?id=1416313"]
[Date "2016.4.2"]
[Round "1"]
[White "maxchessbr"]
[Black "alemaocs"]
[Result "0-1"]
[WhiteElo "2112"]
[BlackElo "2077"]

1. e4 e5 2. Nf3 Nc6 3. Bc4 Bc5 4. c3 d6 5. d3 Bg4 6. O-O h6 7. Nbd2 Qd7 8. a4 a6
9. b4 Ba7 10. Re1 Nge7 11. Nf1 O-O 12. Ne3 Bh5 13. h3 Kh8 14. Nf1 f5 15. exf5
Rxf5 16. g4 Raf8 17. N1h2 R5f6 18. Be3 Bf7 19. Bxf7 R6xf7 20. Bxa7 Nxa7 21. c4
Ng6 22. Ra2 Nf4 23. h4 Nc6 24. b5 Nb4 25. Rd2 Nbxd3 26. Rxd3 Nxd3 27. Qxd3 axb5
28. axb5 c6 29. Kg2 Qe6 30. Kg3 Rf4 31. Nd4 Qf7 32. Nf5 Qg6 33. Qxd6 Qxd6 34.
Nxd6 cxb5 35. cxb5 b6 36. f3 R4f6 37. Ne4 Re6 38. h5 Ra8 39. Nf1 Ra2 40. Ne3 Rb2
0-1

[Event "AUTO-MASTER-2448"]
[Site "http://www.queenalice.com/game.php?id=1416314"]
[Date "2016.4.2"]
[Round "1"]
[White "alemaocs"]
[Black "Spessatto"]
[Result "1-0"]
[WhiteElo "2029"]
[BlackElo "1917"]

1. e4 e5 2. f4 Nc6 3. Nf3 Bc5 4. Bc4 h6 5. Nc3 a6 6. Ne2 d6 7. h3 Nf6 8. d3 Na5
9. Bb3 Nxb3 10. axb3 Bd7 11. Ng3 Bc6 12. fxe5 dxe5 13. Nxe5 Qd4 14. Ng4 Nxg4 15.
Qxg4 Qf2+ 16. Kd1 Qxg2 17. Rf1 Bd7 18. Qf3 Qxf3+ 19. Rxf3 Bxh3 20. Kd2 O-O-O 21.
Rxf7 Rd7 22. Rxd7 Kxd7 23. c3 Bd6 24. Ne2 Rf8 25. Ke3 Rf1 26. Kd2 Rf2 27. Ke1
Rf1+ 28. Kd2 Bg4 29. d4 Be7 30. Ng3 Bg5+ 31. Kc2 Bf3 32. Nxf1 Bxe4+ 33. Kd1 Bf3+
34. Ke1 Bh4+ 35. Kd2 Bg5+ 36. Kd3 Bh5 37. Bxg5 hxg5 38. Re1 g4 39. Ng3 1-0

[Event "AUTO-MASTER-2448"]
[Site "http://www.queenalice.com/game.php?id=1416315"]
[Date "2016.4.2"]
[Round "1"]
[White "Spessatto"]
[Black "alemaocs"]
[Result "0-1"]
[WhiteElo "1905"]
[BlackElo "2067"]

1. d4 d5 2. h3 e6 3. Nf3 Bd6 4. Bg5 f6 5. Bh4 Ne7 6. e3 O-O 7. c3 Qe8 8. Bd3
Nbc6 9. Nbd2 Nf5 10. Bxf5 exf5 11. O-O Qg6 12. Nh2 a6 13. Qf3 Ne7 14. Bg3 Qf7
15. Bxd6 cxd6 16. Qf4 Qe6 17. Nhf3 b5 18. b4 g5 19. Qg3 h6 20. Ne1 Kh7 21. a4
bxa4 22. Rxa4 Bd7 23. Ra3 Bb5 24. c4 dxc4 25. Rc3 Nd5 26. Rc1 c3 27. Nb3 Bxf1
28. Kxf1 Rab8 29. Nd3 Rfc8 30. Qf3 Nxb4 31. d5 Nxd5 32. Nd4 Qe4 33. Qxf5+ Qxf5
34. Nxf5 Rb6 35. Nd4 Kg6 36. Nc2 a5 37. Ra1 Nb4 38. Ndxb4 axb4 0-1

[Event "Challenge"]
[Site "http://www.queenalice.com/game.php?id=1416540"]
[Date "2016.4.3"]
[Round "-"]
[White "brigador"]
[Black "alemaocs"]
[Result "0-1"]
[WhiteElo "2002"]
[BlackElo "2053"]

1. e4 e5 2. Nf3 Nc6 3. d4 exd4 4. Nxd4 Nxd4 5. Qxd4 d6 6. Nc3 c5 7. Qc4 Nf6 8.
Bg5 Be7 9. Nd5 Nxd5 10. Bxe7 Qxe7 11. Qxd5 Be6 12. Bb5+ Kf8 13. Qd2 f6 14. O-O
h6 15. Rfe1 Kf7 16. Be2 g6 17. c4 b6 18. Rad1 Rad8 19. b3 Kg7 20. Bd3 Bc8 21.
Re3 Bb7 22. Rde1 Qe5 23. R3e2 Rhe8 24. f4 Qd4+ 25. Qe3 Qxe3+ 26. Rxe3 g5 27. f5
Re5 28. g4 Rde8 29. h3 a6 30. Kf2 Bc6 31. Kf3 Rh8 32. Rg1 Ree8 33. Re2 h5 34.
Kg3 hxg4 35. hxg4 Rh4 36. Re3 Reh8 37. Bf1 Kf7 38. Bg2 Ke7 39. Ree1 b5 40. Rh1
Kd7 41. Rxh4 Rxh4 42. Rh1 Rxh1 43. Bxh1 bxc4 44. bxc4 Kc7 45. Kf3 Kb6 46. Ke3
Ba4 47. Bf3 Ka5 48. Kd3 Kb4 49. Be2 Ka3 50. Kc3 Kxa2 51. Bd3 Bd1 0-1

[Event "Challenge"]
[Site "http://www.queenalice.com/game.php?id=1418404"]
[Date "2016.4.15"]
[Round "-"]
[White "AlekinePb"]
[Black "alemaocs"]
[Result "0-1"]
[WhiteElo "1953"]
[BlackElo "2041"]

1. d4 d5 2. Nf3 Nc6 3. Bf4 Nf6 4. e3 Bf5 5. a3 e6 6. Bd3 Be4 7. O-O h6 8. Nbd2
Be7 9. Bxe4 Nxe4 10. Nxe4 dxe4 11. Ne5 Nxe5 12. Bxe5 O-O 13. c4 f6 14. Bg3 c6
15. b4 f5 16. Be5 Bf6 17. Bxf6 Rxf6 18. f4 exf3 19. Rxf3 Qe7 20. c5 Qd7 21. Qb3
Kh7 22. Rd1 b6 23. Qd3 b5 24. e4 Raf8 25. e5 R6f7 26. Rf2 g5 27. g3 h5 28. a4 a6
29. axb5 axb5 30. Ra1 Kg6 31. Rfa2 Rc8 32. Ra8 Kg7 33. Rxc8 Qxc8 34. Qa3 Qd8 35.
Rd1 f4 36. Qf3 fxg3 37. Qxg3 Kh6 38. Kg2 Rf4 39. Qd3 Qd5+ 40. Kg3 h4+ 41. Kh3
Rf3+ 0-1

[Event "AUTO-MASTER-2488"]
[Site "http://www.queenalice.com/game.php?id=1431192"]
[Date "2016.7.10"]
[Round "1"]
[White "dadge"]
[Black "alemaocs"]
[Result "1-0"]
[WhiteElo "2105"]
[BlackElo "2048"]

1. e4 e5 2. Nf3 Nc6 3. Bb5 d6 4. d4 a6 5. Bxc6+ bxc6 6. dxe5 Bg4 7. exd6 cxd6 8.
h3 Bh5 9. g4 Bg6 10. Nc3 Nf6 11. Bg5 Be7 12. e5 dxe5 13. Nxe5 Qxd1+ 14. Rxd1 Ne4
15. Nxe4 Bxe4 16. Bxe7 Kxe7 17. f3 Bxc2 18. Rc1 Ba4 19. Nxc6+ Kd6 20. Nd4 Rhe8+
21. Kf2 g6 22. b3 Bd7 23. Ne2 Bb5 24. Rhd1+ Ke5 25. Rc5+ Kf6 26. Nf4 Rac8 27.
Rdc1 Rcd8 28. R1c2 Re5 29. a4 Be8 30. Rxe5 Kxe5 31. Ke3 g5 32. Rc5+ Kf6 33. Rf5+
Ke7 34. Rxg5 Kf8 35. Rd5 Rb8 36. Rd3 f6 37. Nd5 Kg7 38. Nc7 Bf7 39. Nxa6 Rxb3
40. Rxb3 Bxb3 41. Nc5 Bd5 42. a5 Kg6 43. f4 f5 44. g5 Kh5 45. Nd7 Kh4 46. Nf6
1-0

[Event "AUTO-MASTER-2488"]
[Site "http://www.queenalice.com/game.php?id=1431193"]
[Date "2016.7.10"]
[Round "1"]
[White "alemaocs"]
[Black "dadge"]
[Result "0-1"]
[WhiteElo "2062"]
[BlackElo "2114"]

1. e4 e5 2. f4 exf4 3. Nf3 g5 4. Bc4 Bg7 5. O-O h6 6. d4 Nf6 7. e5 Ng8 8. c3 Ne7
9. h3 d5 10. exd6 Qxd6 11. b3 Nbc6 12. Re1 Bf5 13. Ba3 Qd7 14. Qe2 O-O 15. Nbd2
Rae8 16. Qf2 a6 17. Ne4 b5 18. Bd3 Bxe4 19. Rxe4 f5 20. Re2 Rf7 21. Rae1 b4 22.
Bb2 a5 23. Bc4 bxc3 24. Bxf7+ Kxf7 25. Bxc3 Bf6 26. Ne5+ Bxe5 27. dxe5 Qe6 28.
Qc5 Nd5 29. Bb2 Ne3 30. Rd2 Re7 31. g3 Nxe5 32. Kf2 fxg3+ 33. Kxg3 f4+ 34. Kf2
Qxh3 35. Rxe3 fxe3+ 36. Ke2 Qf3+ 37. Ke1 exd2+ 38. Kxd2 Qd3+ 39. Kc1 Nf3 40. Ba3
Re1+ 41. Kb2 Qd2+ 42. Qc2 Qxc2+ 43. Kxc2 g4 0-1

[Event "AUTO-MASTER-2488"]
[Site "http://www.queenalice.com/game.php?id=1431208"]
[Date "2016.7.10"]
[Round "1"]
[White "alemaocs"]
[Black "PimPamPum"]
[Result "1-0"]
[WhiteElo "2067"]
[BlackElo "2166"]

1. e4 c5 2. Bc4 e6 3. Nc3 Nc6 4. d3 Nf6 5. Bg5 a6 6. a3 Be7 7. Nf3 O-O 8. O-O
Nd4 9. Be3 d5 10. Ba2 Nxf3+ 11. Qxf3 d4 12. e5 Nd7 13. Bf4 dxc3 14. bxc3 Qc7 15.
Qg3 Re8 16. Rae1 b6 17. Bh6 Bf8 18. Bd2 Bb7 19. f4 Bd5 20. c4 Bc6 21. Bc3 g6 22.
Re3 Bg7 23. d4 cxd4 24. Bxd4 Bf8 25. Rd3 Bc5 26. c3 Bxa3 27. f5 exf5 28. Rxf5
Be4 29. Rxf7 Kxf7 30. e6+ 1-0

[Event "AUTO-MASTER-2488"]
[Site "http://www.queenalice.com/game.php?id=1431209"]
[Date "2016.7.10"]
[Round "1"]
[White "PimPamPum"]
[Black "alemaocs"]
[Result "1-0"]
[WhiteElo "2138"]
[BlackElo "2075"]

1. g3 e5 2. c4 Bc5 3. Nc3 d6 4. Bg2 Nf6 5. Nf3 O-O 6. Na4 c6 7. Nxc5 dxc5 8.
Nxe5 Qd4 9. f4 Ng4 10. e3 Qd6 11. Nxg4 f6 12. O-O Be6 13. b3 Bf7 14. Bb2 Na6 15.
a3 Rad8 16. Bc3 Nc7 17. Ra2 Rfe8 18. Nf2 b6 19. Qf3 Re6 20. f5 Re7 21. Qxc6 Bh5
22. g4 Be8 23. Qxd6 Rxd6 24. Re1 Kf7 25. Nh3 Bd7 26. Nf4 Re8 27. Nd5 Na6 28. Kf2
g6 29. e4 Bc6 30. b4 Ba4 31. e5 fxe5 32. Rxe5 Rxe5 33. Bxe5 Rd8 34. b5 Bb3 35.
Rb2 Bxc4 36. Nc3 Nb8 37. Bxb8 Rxb8 38. Bd5+ Bxd5 39. fxg6+ hxg6 40. Nxd5 g5 41.
Ne3 Kf6 42. Nf5 Rd8 43. Ke3 Re8+ 44. Kf3 Ke5 45. d4+ Kd5 46. dxc5 bxc5 47. Ne3+
Kd4 48. Rd2+ Kc3 49. Rc2+ Kd3 50. Rxc5 Rxe3+ 51. Kf2 Ke4 52. Re5+ Kxe5 53. Kxe3
Kd5 54. a4 1-0

[Event "AUTO-MASTER-2488"]
[Site "http://www.queenalice.com/game.php?id=1431210"]
[Date "2016.7.10"]
[Round "1"]
[White "alemaocs"]
[Black "CCapivara"]
[Result "0-1"]
[WhiteElo "2081"]
[BlackElo "2129"]

1. e4 d6 2. Nc3 Nf6 3. Bc4 c6 4. d3 e5 5. Bg5 Be7 6. h3 O-O 7. Nf3 Be6 8. Bb3
Bxb3 9. axb3 Nbd7 10. Qd2 a6 11. O-O Re8 12. Ne2 d5 13. Rfd1 Qc7 14. Ng3 Rad8
15. Nf5 dxe4 16. Nxe7+ Rxe7 17. Qe3 exf3 18. Qxf3 Ree8 19. Qg3 Kh8 20. Ra4 Qd6
21. c3 Nc5 22. Rb4 Rd7 23. Qe3 b5 24. Bxf6 gxf6 25. Rh4 Rg8 26. d4 Ne6 27. Qh6
Rg7 28. Qxf6 exd4 29. cxd4 c5 30. d5 Nd4 31. Qxd6 Rxd6 32. b4 Rxd5 33. bxc5 Nf3+
0-1

[Event "AUTO-MASTER-2488"]
[Site "http://www.queenalice.com/game.php?id=1431211"]
[Date "2016.7.10"]
[Round "1"]
[White "CCapivara"]
[Black "alemaocs"]
[Result "1-0"]
[WhiteElo "2182"]
[BlackElo "2087"]

1. e4 e5 2. Nf3 Nc6 3. Bb5 d6 4. O-O Bg4 5. d3 h6 6. Be3 a6 7. Ba4 b5 8. Bb3 Nf6
9. c3 Be7 10. Nbd2 Qd7 11. a4 O-O 12. Qc2 Be6 13. d4 Bxb3 14. Qxb3 exd4 15. cxd4
Rfb8 16. axb5 Rxb5 17. Qc3 a5 18. Rfc1 Nb4 19. Qxc7 Qxc7 20. Rxc7 Bd8 21. Rc3 d5
22. e5 Ne4 23. Nxe4 dxe4 24. Nd2 Nd5 25. Rc2 Nb4 26. Rc5 Rxc5 27. dxc5 Nd3 28.
b3 Nxe5 29. Nxe4 f5 30. Nc3 Rb8 31. Rb1 Kf7 32. Kf1 g5 33. g3 Nc6 34. Nd5 a4 35.
b4 a3 36. Ra1 Ra8 37. b5 Ke6 38. Nc3 Bf6 39. Bd2 Nd4 40. c6 Nxb5 41. Re1+ Kd6
42. Nxb5+ Kxc6 43. Nxa3 Kd5 44. Nc2 Ra2 45. Nb4+ 1-0

[Event "Challenge"]
[Site "http://www.queenalice.com/game.php?id=1434294"]
[Date "2016.8.2"]
[Round "-"]
[White "jovelino"]
[Black "alemaocs"]
[Result "1-0"]
[WhiteElo "2281"]
[BlackElo "2034"]

1. e4 e5 2. Nf3 Nc6 3. Bb5 d6 4. d4 Bd7 5. Nc3 Nf6 6. h3 Be7 7. O-O O-O 8. Re1
a6 9. Bxc6 Bxc6 10. Bg5 Nh5 11. Be3 f5 12. Nxe5 dxe5 13. Qxh5 f4 14. Bc1 exd4
15. Rd1 Be8 16. Qd5+ Qxd5 17. Nxd5 Bc5 18. Nxf4 Bc6 19. Ne6 Rfe8 20. Nxc5 b6 21.
Nb3 Bxe4 22. Nxd4 Rad8 23. Be3 c5 24. Nf3 Rb8 25. c3 Re6 26. Ng5 Re7 27. Nxe4
Rxe4 28. Rd7 Rbe8 29. Rd6 R4e6 30. Rad1 Kf7 31. Kf1 h6 32. Ke2 g5 33. a4 b5 34.
Kf3 Kg6 35. Rxe6+ Rxe6 36. Bxc5 Kf5 37. Rd5+ Kf6 38. axb5 axb5 39. Bd4+ Kg6 40.
Rxb5 1-0

[Event "Challenge"]
[Site "http://www.queenalice.com/game.php?id=1434295"]
[Date "2016.8.2"]
[Round "-"]
[White "alemaocs"]
[Black "jovelino"]
[Result "0-1"]
[WhiteElo "2028"]
[BlackElo "2286"]

1. e4 c5 2. Bc4 d6 3. c3 Nf6 4. d3 e6 5. Nf3 Be7 6. O-O O-O 7. Be3 a6 8. Nbd2 b5
9. Bb3 Bb7 10. Bc2 Nbd7 11. h3 Qc7 12. d4 Rfc8 13. Rc1 h6 14. e5 dxe5 15. dxe5
Nxe5 16. Nxe5 Qxe5 17. Nf3 Qh5 18. Bf4 Bxf3 19. Qxf3 Qxf3 20. gxf3 Nh5 21. Be3
Rd8 22. Be4 Ra7 23. c4 b4 24. b3 Nf6 25. Bc2 Rad7 26. Kh2 a5 27. Rg1 Kh8 28. Rg2
Bf8 29. f4 g6 30. f3 Kh7 31. Rcg1 Nh5 32. Re2 Bd6 33. Kg2 Nxf4+ 34. Bxf4 Bxf4
35. h4 Rd2 36. Re1 h5 37. Kf1 Bg3 38. Rxd2 Rxd2 39. Re2 Rd4 40. Re3 Bxh4 41. Bd3
Bg5 0-1

[Event "Challenge"]
[Site "http://www.queenalice.com/game.php?id=1440458"]
[Date "2016.9.10"]
[Round "-"]
[White "reibas"]
[Black "alemaocs"]
[Result "1-0"]
[WhiteElo "1847"]
[BlackElo "2030"]

1. e4 e5 2. Nf3 Nc6 3. Bb5 d6 4. O-O Bg4 5. d3 h6 6. Nc3 Be7 7. Nd5 Nf6 8. Bxc6+
bxc6 9. Nxe7 Qxe7 10. b4 O-O 11. Re1 d5 12. c3 Rfd8 13. exd5 cxd5 14. Qd2 Bxf3
15. gxf3 Nh5 16. Kh1 Qh4 17. Rg1 Nf4 18. Rg4 Qh5 19. Bb2 Ne6 20. Rag1 f6 21. Rg6
Qxf3+ 22. R1g2 Nf4 23. Rxg7+ Kf8 24. Rg3 Qh5 25. Rg1 Ne2 26. Rg8+ Kf7 27. R8g7+
Ke6 28. R1g2 Nf4 29. R2g3 Ne2 30. R3g4 Rg8 31. Qe3 Rxg7 32. Rxg7 Nf4 33. d4 Nh3
34. f3 Ng5 35. dxe5 fxe5 36. c4 Nxf3 37. cxd5+ Kf6 38. Rg2 Rd8 39. Rf2 Rxd5 40.
Rxf3+ Ke6 41. Qe2 Qg5 42. Rd3 Qf5 43. Rxd5 Kxd5 44. Qb5+ Kd6 45. Qe2 c6 46. Kg2
Qg5+ 47. Kf2 Qh4+ 48. Kf1 e4 49. Qf2 Qh3+ 50. Kg1 Qg4+ 51. Qg3+ Qxg3+ 52. hxg3
h5 53. Kf2 Kd5 54. Ke3 1-0

[Event "Challenge"]
[Site "http://www.queenalice.com/game.php?id=1440459"]
[Date "2016.9.10"]
[Round "-"]
[White "alemaocs"]
[Black "reibas"]
[Result "1-0"]
[WhiteElo "2022"]
[BlackElo "1830"]

1. e4 e5 2. f4 exf4 3. Nf3 d6 4. Bc4 Bg4 5. O-O Nf6 6. d3 Bxf3 7. Qxf3 g5 8. Nc3
Nc6 9. Nd5 Nd4 10. Qf2 Ng4 11. Qxd4 Rg8 12. h3 Bg7 13. Nf6+ Nxf6 14. e5 dxe5 15.
Qxe5+ Kf8 16. Qxg5 Qd4+ 17. Kh1 Re8 18. c3 Qe5 19. Qxf4 Qxf4 20. Bxf4 Re7 21.
Bg5 Re2 22. Bxf6 Bxf6 23. Rxf6 Rgxg2 24. Rxf7+ Ke8 25. b3 Rh2+ 26. Kg1 Rxh3 27.
Rxc7 Rg3+ 28. Kf1 Re5 29. Rxh7 Rf3+ 30. Kg2 Ree3 31. a4 Rg3+ 32. Kh2 Rgf3 33.
Rg1 Re2+ 34. Rg2 Rxg2+ 35. Kxg2 1-0

[Event "Challenge"]
[Site "http://www.queenalice.com/game.php?id=1459415"]
[Date "2017.1.13"]
[Round "-"]
[White "reibas"]
[Black "alemaocs"]
[Result "0-1"]
[WhiteElo "1935"]
[BlackElo "2007"]

1. e4 e5 2. Nf3 Nc6 3. Bb5 d6 4. Nc3 Bg4 5. Nd5 a6 6. Bxc6+ bxc6 7. Ne3 Bh5 8.
c3 Nf6 9. d3 d5 10. exd5 cxd5 11. Qc2 Bd6 12. Bd2 O-O 13. Nf5 Bxf3 14. gxf3 Nh5
15. Rg1 Kh8 16. Ng3 Nf4 17. Bxf4 exf4 18. Ne2 Rb8 19. Rb1 Re8 20. Kd2 Qh4 21.
Rg2 Qh3 22. Rbg1 g6 23. a3 c5 24. Kc1 Qxf3 25. Qd1 Rxe2 26. Re1 Rxe1 27. Qxe1
Qxg2 0-1

[Event "Challenge"]
[Site "http://www.queenalice.com/game.php?id=1499223"]
[Date "2017.10.17"]
[Round "-"]
[White "MASTROIANNI"]
[Black "alemaocs"]
[Result "0-1"]
[WhiteElo "1113"]
[BlackElo "2020"]

1. d4 d5 2. f4 Nf6 3. Nf3 Nc6 4. a3 Bg4 5. e3 e6 6. h3 Bh5 7. g4 Bg6 8. Bb5 Bd6
9. Nc3 O-O 10. Bd2 a6 11. Bxc6 bxc6 12. Qe2 Nd7 13. O-O-O c5 14. dxc5 Bxc5 15.
h4 f5 0-1

[Event "Challenge"]
[Site "http://www.queenalice.com/game.php?id=1509175"]
[Date "2017.12.23"]
[Round "-"]
[White "Magogue"]
[Black "alemaocs"]
[Result "1-0"]
[WhiteElo "2354"]
[BlackElo "2022"]

1. e4 e5 2. f4 d5 3. exd5 exf4 4. Nf3 Bg4 5. Qe2+ Be7 6. Qb5+ Nd7 7. Be2 b6 8.
Nc3 Bh4+ 9. Kd1 Bf6 10. d4 Ne7 11. Qc4 O-O 12. Bxf4 Rc8 13. Ne5 Bxe2+ 14. Kxe2
Nf5 15. Nc6 Qe8+ 16. Kd3 Ra8 17. Nb5 Nd6 18. Bxd6 cxd6 19. Nxd6 Ne5+ 20. dxe5
Qd7 21. exf6 Qxd6 22. Ne7+ Kh8 23. fxg7+ Kxg7 24. Nf5+ 1-0

[Event "Challenge"]
[Site "http://www.queenalice.com/game.php?id=1509176"]
[Date "2017.12.23"]
[Round "-"]
[White "alemaocs"]
[Black "Magogue"]
[Result "0-1"]
[WhiteElo "2019"]
[BlackElo "2356"]

1. e4 e5 2. Bc4 Bc5 3. d3 Nf6 4. Bg5 c6 5. Nc3 Qb6 6. Nh3 Be7 7. Rb1 O-O 8. Ne2
d6 9. f4 Bxh3 10. gxh3 exf4 11. Nxf4 Qa5+ 12. c3 Qxg5 13. Qf3 Nbd7 14. Ke2 Ne5
15. Qe3 Nxc4 16. dxc4 Rfe8 17. Rhg1 Qh6 18. Kd3 Nxe4 19. Qxe4 Bg5 20. Qf5 Bxf4
21. Rbf1 Bxh2 22. Qxf7+ Kh8 23. Rg4 Qxh3+ 0-1